000 00461nam a2200169 i 4500
001 50218
003 ES-MaACL
005 20230906162137.0
007 t|
008 030801s1959 sp ||||1| spa d
245 0 0 _aCroquis de máquinas.
250 _a1ª ed.
260 _a[Madrid :
_bEscuelas Internacionales,
_c1959] (
_fNebreda)
300 _a117 p. :
_bil. ;
_c19 cm.
710 2 _aEscuelas Internacionales.
_93618
852 _aES-MaACL
_jC-18981
_bR.45879
999 _c50218
_d50218